000
00268nam a22001217a 4500
008
170203b xxu||||| |||| 00| 0 eng d
041
_a
eng
080
_a
61
100
_a
3
101
_a
SHM
245
_a
RECEPTURA MAGJISTRALE DHE GALENIKE
_c
GASHI, Z
942
_2
udc
_c
BK
999
_c
4527
_d
4527